| Tag |
First Indicator |
Second Indicator |
Subfields |
| LEADER |
00000cam a2200000 i 4500 |
| 001 |
in00003538721 |
| 005 |
20210430161255.0 |
| 006 |
m o d f |
| 007 |
cr ||||||||||| |
| 008 |
150520s2015 dcua ob f000 0 eng c |
| 035 |
|
|
|a (OCoLC)ocn909572559
|
| 042 |
|
|
|a pcc
|
| 043 |
|
|
|a n-us---
|a nwpr---
|
| 040 |
|
|
|a GPO
|b eng
|e rda
|e pn
|c GPO
|d STF
|d OCLCO
|d COO
|d GPO
|d UBY
|d OCLCO
|d OCLCF
|d GPO
|d MvI
|
| 049 |
|
|
|a WWW
|
| 050 |
1 |
4 |
|a KF27
|b .J874 2015b
|
| 074 |
|
|
|a 1020-C (online)
|
| 086 |
0 |
|
|a Y 4.J 89/1:114-13
|
| 088 |
|
|
|a Serial no. 114-13 (United States. Congress. House. Committee on the Judiciary)
|
| 110 |
1 |
|
|a United States.
|b Congress.
|b House.
|b Committee on the Judiciary.
|b Subcommittee on Regulatory Reform, Commercial and Antitrust Law,
|e author.
|
| 245 |
1 |
0 |
|a Puerto Rico Chapter 9 Uniformity Act of 2015 :
|b hearing before the Subcommittee on Regulatory Reform, Commercial and Antitrust Law of the Committee on the Judiciary, House of Representatives, One Hundred Fourteenth Congress, first session, on H.R. 870, February 26, 2015.
|
| 246 |
3 |
|
|a Puerto Rico Chapter Nine Uniformity Act of 2015
|
| 264 |
|
1 |
|a Washington :
|b U.S. Government Publishing Office,
|c 2015.
|
| 300 |
|
|
|a 1 online resource (iv, 169 pages) :
|b illustrations
|
| 336 |
|
|
|a text
|b txt
|2 rdacontent
|
| 337 |
|
|
|a computer
|b c
|2 rdamedia
|
| 338 |
|
|
|a online resource
|b cr
|2 rdacarrier
|
| 500 |
|
|
|a Title from title screen (viewed on May 20, 2015).
|
| 500 |
|
|
|a Paper version available for sale by the Superintendent of Documents, United States Government Publishing Office.
|
| 504 |
|
|
|a Includes bibliographical references.
|
| 500 |
|
|
|a "Serial no. 114-13."
|
| 650 |
|
0 |
|a Municipal bankruptcy
|z United States.
|
| 650 |
|
0 |
|a Municipal bankruptcy
|z Puerto Rico.
|
| 650 |
|
0 |
|a Municipal bonds
|z Puerto Rico.
|
| 650 |
|
0 |
|a Law
|z United States
|x Territories and possessions.
|
| 651 |
|
0 |
|a Puerto Rico
|x Economic conditions.
|
| 650 |
|
0 |
|a Stockholders
|x Legal status, laws, etc.
|z United States.
|
| 650 |
|
7 |
|a Economic history.
|2 fast
|0 (OCoLC)fst00901974
|
| 650 |
|
7 |
|a Law
|x Territories and possessions.
|2 fast
|0 (OCoLC)fst00993866
|
| 650 |
|
7 |
|a Municipal bankruptcy.
|2 fast
|0 (OCoLC)fst01029181
|
| 650 |
|
7 |
|a Municipal bonds.
|2 fast
|0 (OCoLC)fst01029183
|
| 650 |
|
7 |
|a Stockholders
|x Legal status, laws, etc.
|2 fast
|0 (OCoLC)fst01133686
|
| 651 |
|
7 |
|a Puerto Rico.
|2 fast
|0 (OCoLC)fst01205432
|
| 651 |
|
7 |
|a United States.
|2 fast
|0 (OCoLC)fst01204155
|
| 655 |
|
7 |
|a Legislative hearings.
|2 lcgft
|
| 655 |
|
7 |
|a Legislative hearings.
|2 fast
|0 (OCoLC)fst01910825
|
| 776 |
0 |
8 |
|i Print version:
|a United States. Congress. House. Committee on the Judiciary. Subcommittee on Regulatory Reform, Commercial and Antitrust Law.
|t Puerto Rico Chapter 9 Uniformity Act of 2015
|w (OCoLC)911137035
|
| 776 |
0 |
8 |
|i Microfiche version:
|a United States. Congress. House. Committee on the Judiciary. Subcommittee on Regulatory Reform, Commercial and Antitrust Law.
|t Puerto Rico Chapter 9 Uniformity Act of 2015
|w (OCoLC)931579811
|
| 856 |
4 |
0 |
|u https://purl.fdlp.gov/GPO/gpo57617
|t 0
|
| 856 |
4 |
0 |
|u http://purl.fdlp.gov/GPO/gpo57617
|t 0
|
| 999 |
f |
f |
|s 85db15b7-e73a-3294-ba6a-1d9b1e0d47fa
|i 85b688e2-d4a8-3d7a-bc08-8c5d94bc3cdc
|t 0
|
| 952 |
f |
f |
|a Texas A&M University
|b College Station
|c Electronic Resources
|d Available Online
|t 0
|e Y 4.J 89/1:114-13
|h Superintendent of Documents classification
|
| 998 |
f |
f |
|a Y 4.J 89/1:114-13
|t 0
|l Available Online
|